• 首页
  • 本馆介绍
  • 公告通知
  • 最新文献
  • 馆藏检索
  • 电子资源
  • 读者导购
  • 参考咨询
  • 我的图书馆
  • 登录
  • 详细信息显示
  • 放入我的书架
  • 预约/预借图书
  • 作者相关作品
  • 分类相关作品
  • 丛书相关作品
  • 出版社相关作品

书目信息

  • 表格格式
  • 工作单格式
  • 卡片格式
题名:
电机与拖动技术
    
 
作者: 张晶 , 郑立平 主编
分册:   实训篇
出版信息: 大连   大连理工大学出版社  2015.01
页数: 132页
开本: 26cm
丛书名:
单 册:
中图分类: TM3 , TM921
科图分类:
主题词: 电机--高等职业教育--教材 , 电力拖动--高等职业教育--教材
电子资源:
ISBN: 978-7-5611-9734-9
000 01028nam0 2200313 450
001 0120151544631
005 20170418143157.78
010    @a978-7-5611-9734-9@dCNY22.00
100    @a20150427d2015 em y0chiy50 ea
101 0  @achi
102    @aCN@b210000
105    @aak z 000yy
106    @ar
200 1  @a电机与拖动技术@9dian ji yu tuo dong ji shu@i实训篇@f张晶,郑立平主编
205    @a4版
210    @a大连@c大连理工大学出版社@d2015.01
215    @a132页@c图@d26cm
300    @a新世纪高职高专电气自动化技术类课程规划教材
304    @a新世纪高职高专教材编审委员会组编
330    @a本教材共分5章,分别为:基本知识;异步电动机实训;电动机的故障修理与改造;变压器实训;实验及附录。同时配有实际操作的习题训练。
333    @a高职
606 0  @a电机@x高等职业教育@j教材
606 0  @a电力拖动@x高等职业教育@j教材
690    @aTM3@v5
690    @aTM921@v5
701  0 @a张晶@9zhang jing@4主编
701  0 @a郑立平@9zheng li ping@4主编
801  0 @aCN@b人天书店@c20150427
905    @b984617-20@dTM3@e46=4@f4
    
    电机与拖动技术.实训篇/张晶,郑立平主编.-4版.-大连:大连理工大学出版社,2015.01
    132页:图;26cm
    新世纪高职高专电气自动化技术类课程规划教材.-使用对象:高职
    
    ISBN 978-7-5611-9734-9:CNY22.00
    本教材共分5章,分别为:基本知识;异步电动机实训;电动机的故障修理与改造;变压器实训;实验及附录。同时配有实际操作的习题训练。
●
相关链接 在E读中查询图书 在五车中查询图书 在当当中查询图书 在豆瓣中查询图书


正题名:电机与拖动技术     索取号:TM3/46=4         预约/预借

序号 登录号 条形码 馆藏地/架位号 状态 备注
1 984617   209846176   第二样本阅览室/ [索取号:TM3/46=4] 在馆    
2 984618   209846185   第三借阅区/ [索取号:TM3/46=4] 在馆    
3 984619   209846194   第三借阅区/ [索取号:TM3/46=4] 在馆    
4 984620   209846201   第三借阅区/ [索取号:TM3/46=4] 在馆    
唐山师范学院图书馆 欢迎您!
大连网信软件有限公司© 版权所有